[Event "Olympiad-43"]
[Site "Batumi"]
[Date "2018.09.28"]
[Round "5.56"]
[White "Munenga, Douglas D"]
[Black "Abdul Rahman, Ali"]
[Result "1-0"]
[WhiteElo "2273"]
[BlackElo "1850"]
[PlyCount "75"]
[EventDate "2018.09.24"]
[EventType "team-swiss"]
[EventRounds "11"]
[EventCountry "GEO"]
[SourceTitle "CBM 187"]
[Source "ChessBase"]
[SourceDate "2018.12.11"]
[SourceVersion "1"]
[SourceVersionDate "2018.12.11"]
[SourceQuality "1"]
[WhiteTeam "Zambia"]
[BlackTeam "Maldives"]
[WhiteTeamCountry "ZAM"]
[BlackTeamCountry "MDV"]

1. e4 e6 2. d4 d5 3. Nd2 Nc6 4. Ngf3 Nf6 5. e5 Ne4 6. c3 Nxd2 7. Bxd2 Be7 8. Bd3 0-0 9. Qc2 h6 10. h4 a5 11. 0-0-0 b6 12. Ng5 Bd7 13. Bh7+ Kh8 14. Bg8 g6 15. Nxf7+ Rxf7 16. Bxf7 Qf8 17. Qxg6 Nd8 18. Rh3 Qxf7 19. Qxh6+ Qh7 20. Qxh7+ Kxh7 21. Bg5 Nc6 22. f4 Rg8 23. g4 Rf8 24. Rf1 Kg7 25. Kd2 Bxg5 26. hxg5 Be8 27. f5 exf5 28. gxf5 Bd7 29. Rhf3 Bc8 30. e6 Kg8 31. Re1 Re8 32. Rh3 Nd8 33. Reh1 Nxe6 34. Rh8+ Kf7 35. g6+ Ke7 36. Rxe8+ Kxe8 37. Rh8+ Ke7 38. Rxc8 1-0

[Event "Olympiad-43"]
[Site "Batumi"]
[Date "2018.09.25"]
[Round "2.1"]
[White "Abdul Rahman, Ali"]
[Black "Kamara, Ansumana"]
[Result "1-0"]
[WhiteElo "1850"]
[BlackElo "1910"]
[PlyCount "149"]
[EventDate "2018.09.24"]
[EventType "team-swiss"]
[EventRounds "11"]
[EventCountry "GEO"]
[SourceTitle "CBM 187"]
[Source "ChessBase"]
[SourceDate "2018.12.11"]
[SourceVersion "1"]
[SourceVersionDate "2018.12.11"]
[SourceQuality "1"]
[WhiteTeam "Maldives"]
[BlackTeam "Sierra Leone"]
[WhiteTeamCountry "MDV"]
[BlackTeamCountry "SIE"]

1. d4 Nf6 2. f4 g6 3. Nf3 Bg7 4. e3 d6 5. Bd3 Nc6 6. Bb5 a6 7. Ba4 b5 8. Bb3 0-0 9. 0-0 Na5 10. c3 Nxb3 11. Qxb3 c5 12. Qd1 Qc7 13. Nbd2 Bb7 14. Qe1 c4 15. e4 Nd7 16. e5 e6 17. Ne4 Bxe4 18. Qxe4 Nb6 19. Nd2 Nd5 20. Qe1 dxe5 21. fxe5 Qe7 22. Ne4 h6 23. Qg3 f5 24. exf6 Nxf6 25. Qxg6 Nxe4 26. Rxf8+ Rxf8 27. Qxe4 Qf6 28. Qe2 Qf5 29. Be3 e5 30. dxe5 Qxe5 31. Qd2 h5 32. Rd1 Re8 33. Bf2 Qe2 34. Qd5+ Kh7 35. Re1 Re5 36. Qf7 Qxe1+ 37. Bxe1 Rxe1+ 38. Kf2 Re5 39. Kf3 Kh6 40. Qd7 Rg5 41. Qd2 h4 42. g3 Kh5 43. Qf4 hxg3 44. hxg3 Kh6 45. g4 Be5 46. Qf8+ Bg7 47. Qf4 Be5 48. Qe3 Bg7 49. Kg3 Be5+ 50. Kh3 Bg7 51. Qf4 Be5 52. Qd2 a5 53. Qe3 b4 54. cxb4 Bxb2 55. bxa5 Bf6 56. a6 Kg7 57. Qa7+ Kg6 58. Qc7 Re5 59. Qxe5 Bxe5 60. a7 Bb2 61. a8Q c3 62. a4 Kf6 63. Qc6+ Ke5 64. Qc4 c2 65. Qxc2 Bd4 66. a5 Kf6 67. Qf5+ Kg7 68. Qd7+ Kh6 69. Qxd4 Kg5 70. Kg3 Kg6 71. a6 Kh7 72. a7 Kh6 73. a8Q Kg6 74. Qg8+ Kh6 75. Qf6# 1-0

[Event "Olympiad-42"]
[Site "Baku"]
[Date "2016.09.13"]
[Round "11.3"]
[White "Abdul Rahman, Ali"]
[Black "Ben Ammar, Mohamed"]
[Result "0-1"]
[WhiteElo "1853"]
[BlackElo "1929"]
[PlyCount "122"]
[EventDate "2016.09.02"]
[EventType "team-swiss"]
[EventRounds "11"]
[EventCountry "AZE"]
[SourceTitle "CBM 175"]
[Source "ChessBase"]
[SourceDate "2016.11.10"]
[SourceVersion "1"]
[SourceVersionDate "2016.11.10"]
[SourceQuality "1"]
[WhiteTeam "Maldives"]
[BlackTeam "Tunisia"]
[WhiteTeamCountry "MDV"]
[BlackTeamCountry "TUN"]

1. d4 Nf6 2. e3 g6 3. Bd3 Bg7 4. f4 d6 5. Nf3 0-0 6. 0-0 Nbd7 7. f5 e5 8. fxe6 fxe6 9. Ng5 Qe7 10. Nc3 Nb6 11. Qe2 e5 12. dxe5 Qxe5 13. Nf3 Qc5 14. Bd2 d5 15. a3 Bd7 16. Rab1 Rae8 17. Nd1 Qe7 18. Bb5 c6 19. Bb4 c5 20. Bxd7 Nfxd7 21. Be1 Bh6 22. Qd3 Bxe3+ 23. Kh1 Bh6 24. Bh4 g5 25. Bg3 Qe2 26. Nf2 Qxd3 27. cxd3 Re2 28. Ng4 Bg7 29. Nxg5 Rxf1+ 30. Rxf1 h5 31. Nf2 Rxb2 32. Ne6 Ra2 33. h3 Rxa3 34. Kh2 Ra1 35. Nd1 c4 36. dxc4 dxc4 37. Nxg7 Kxg7 38. Re1 Nd5 39. Bf2 Kf7 40. Nc3 Rxe1 41. Bxe1 Nxc3 42. Bxc3 Nf6 43. Kg1 Nd5 44. Bd2 b5 45. Kf1 b4 46. Ke2 c3 47. Bg5 Kg6 48. h4 b3 49. Kd1 Kf5 50. Kc1 Kg4 51. Kb1 Kg3 52. Ka1 Kxg2 53. Kb1 Kf2 54. Bh6 Ke2 55. Kc1 Nb4 56. Kb1 Nd3 57. Bg5 a5 58. Bh6 a4 59. Bg5 a3 60. Bh6 c2+ 61. Ka1 b2+ 0-1

[Event "Olympiad-42"]
[Site "Baku"]
[Date "2016.09.09"]
[Round "7.3"]
[White "Darwish, Hashim"]
[Black "Abdul Rahman, Ali"]
[Result "0-1"]
[WhiteElo "1766"]
[BlackElo "1853"]
[PlyCount "98"]
[EventDate "2016.09.02"]
[EventType "team-swiss"]
[EventRounds "11"]
[EventCountry "AZE"]
[SourceTitle "CBM 175"]
[Source "ChessBase"]
[SourceDate "2016.11.10"]
[SourceVersion "1"]
[SourceVersionDate "2016.11.10"]
[SourceQuality "1"]
[WhiteTeam "Bahrain"]
[BlackTeam "Maldives"]
[WhiteTeamCountry "BHN"]
[BlackTeamCountry "MDV"]

1. e4 e6 2. Nf3 d5 3. exd5 exd5 4. d4 Nf6 5. h3 Bd6 6. Bd3 0-0 7. 0-0 Re8 8. Re1 Be6 9. Bg5 Nbd7 10. Ne5 c6 11. c4 Qa5 12. Bd2 Qc7 13. Nxd7 Nxd7 14. c5 Bf4 15. Qh5 Nf6 16. Qf3 Bxd2 17. Nxd2 b6 18. b4 a5 19. a3 Ra7 20. g4 h6 21. Nf1 Rea8 22. Rab1 axb4 23. axb4 Ra3 24. Re3 Ra2 25. Ng3 b5 26. Nf5 Ne4 27. Bxe4 dxe4 28. Qxe4 Rxf2 29. Qe5 Qxe5 30. dxe5 Raa2 31. Rg3 g6 32. Rd1 Kh7 33. Nd4 Bd5 34. Nxb5 Rh2 35. Rxd5 cxd5 36. c6 Rhc2 37. Rf3 Ra1+ 38. Rf1 Rxf1+ 39. Kxf1 Rxc6 40. Nd6 f6 41. b5 Rb6 42. Nc8 Rb8 43. Ne7 fxe5 44. Nxd5 Rxb5 45. Ne3 Kg7 46. Kf2 Kf6 47. h4 e4 48. Nc4 Rb3 49. Nd2 e3+ 0-1

[Event "Olympiad-40"]
[Site "Istanbul"]
[Date "2012.09.09"]
[Round "11.3"]
[White "Al Hadarani, Hatim"]
[Black "Abdul Rahman, Ali"]
[Result "1-0"]
[WhiteElo "2263"]
[BlackElo "1912"]
[PlyCount "98"]
[EventDate "2012.08.28"]
[EventType "team-swiss"]
[EventRounds "11"]
[EventCountry "TUR"]
[SourceTitle "CBM 151"]
[Source "ChessBase"]
[SourceDate "2012.11.13"]
[SourceVersion "1"]
[SourceVersionDate "2012.11.13"]
[SourceQuality "1"]
[WhiteTeam "Yemen"]
[BlackTeam "Maldives"]
[WhiteTeamCountry "YEM"]
[BlackTeamCountry "MDV"]

1. Nf3 d5 2. c4 e6 3. g3 Nf6 4. Bg2 c6 5. 0-0 Bd6 6. d4 Ne4 7. Ne1 f5 8. f3 Nxg3 9. hxg3 Bxg3 10. f4 Qh4 11. Nf3 Qh5 12. Nc3 Nd7 13. e3 Nf6 14. Ne2 Ne4 15. Nxg3 Nxg3 16. Ne5 Qh6 17. Rf3 Ne4 18. Rh3 Qf6 19. Qh5+ g6 20. Nxg6 Rg8 21. Ne5+ Ke7 22. Qxh7+ Rg7 23. Qh8 dxc4 24. Rh7 Rxh7 25. Qxh7+ Kd8 26. Bxe4 fxe4 27. Bd2 Qe7 28. Qxe4 Bd7 29. Nxc4 b6 30. Qe5 Qh4 31. Qg5+ Qxg5+ 32. fxg5 Ke7 33. Bb4+ Kd8 34. Bd6 Be8 35. Ne5 Kc8 36. Kf2 Kb7 37. Rh1 Rd8 38. Rh7+ Ka6 39. Rh8 Rxd6 40. Rxe8 c5 41. g6 cxd4 42. exd4 Rxd4 43. g7 Rd2+ 44. Kf3 Rxb2 45. g8Q Rxa2 46. Qxe6 Ra3+ 47. Ke4 Ra4+ 48. Kf5 Ra5 49. Qc8+ Kb5 1-0

[Event "Olympiad-40"]
[Site "Istanbul"]
[Date "2012.08.28"]
[Round "1.4"]
[White "Abdul Rahman, Ali"]
[Black "Ostos, Julio Eduardo"]
[Result "0-1"]
[WhiteElo "1912"]
[BlackElo "2345"]
[PlyCount "63"]
[EventDate "2012.08.28"]
[EventType "team-swiss"]
[EventRounds "11"]
[EventCountry "TUR"]
[SourceTitle "CBM 151"]
[Source "ChessBase"]
[SourceDate "2012.11.13"]
[SourceVersion "1"]
[SourceVersionDate "2012.11.13"]
[SourceQuality "1"]
[WhiteTeam "Maldives"]
[BlackTeam "Venezuela"]
[WhiteTeamCountry "MDV"]
[BlackTeamCountry "VEN"]

1. f4 Nf6 2. d4 g6 3. e3 Bg7 4. Bd3 0-0 5. Nf3 d6 6. 0-0 Nc6 7. c3 e5 8. fxe5 dxe5 9. Bc2 Re8 10. Bb3 h6 11. Nbd2 e4 12. Nh4 Na5 13. g3 Nxb3 14. Qxb3 b6 15. Ng2 g5 16. a4 a6 17. Qc2 Bg4 18. Rf2 Qd7 19. c4 Bh5 20. Nb3 Qh3 21. Ne1 Rad8 22. Bd2 Ng4 23. Rg2 Rd6 24. Qc3 Rf6 25. Nc2 Rf2 26. Rxf2 Nxf2 27. Bc1 Qf5 28. Ne1 Nh3+ 29. Kg2 Qf2+ 30. Kxh3 Qf1+ 31. Ng2 Qf5+ 32. g4 0-1

[Event "Asia-chT 16th"]
[Site "Guangzhou"]
[Date "2010.11.23"]
[Round "6"]
[White "Abdul Rahman, Ali"]
[Black "Aboudi, Marwan"]
[Result "0-1"]
[WhiteElo "1936"]
[BlackElo "2196"]
[PlyCount "64"]
[EventDate "2010.11.18"]
[EventType "team-swiss"]
[EventRounds "9"]
[EventCountry "CHN"]
[SourceTitle "CBM 139 Extra"]
[Source "ChessBase"]
[SourceDate "2011.01.05"]
[SourceVersion "1"]
[SourceVersionDate "2011.01.05"]
[SourceQuality "1"]
[WhiteTeam "Maldives"]
[BlackTeam "Jordan"]
[WhiteTeamCountry "MDV"]
[BlackTeamCountry "JOR"]

1. d4 d5 2. f4 c5 3. c3 Nf6 4. e3 Bg4 5. Nf3 Nc6 6. Bd3 e6 7. Nbd2 Bd6 8. 0-0 cxd4 9. cxd4 0-0 10. a3 Rc8 11. Qe1 Bf5 12. Qe2 Bxd3 13. Qxd3 Qc7 14. Ne5 Ne7 15. Qe2 Qc2 16. Qf3 Rc7 17. Rf2 Qa4 18. g4 Rfc8 19. Rf1 Qc2 20. h4 Ne4 21. Nxe4 dxe4 22. Qh3 Qe2 23. h5 Rc2 24. h6 Bxe5 25. fxe5 Ng6 26. Qg3 Nh4 27. Bd2 Rxd2 28. Rae1 Qg2+ 29. Qxg2 Rxg2+ 30. Kh1 Rcc2 31. Rf4 Rh2+ 32. Kg1 Rcg2+ 0-1

[Event "Asia-chT 16th"]
[Site "Guangzhou"]
[Date "2010.11.18"]
[Round "1"]
[White "Abdul Rahman, Ali"]
[Black "Al Modiahki, Mohamad"]
[Result "0-1"]
[WhiteElo "1936"]
[BlackElo "2562"]
[PlyCount "90"]
[EventDate "2010.11.18"]
[EventType "team-swiss"]
[EventRounds "9"]
[EventCountry "CHN"]
[SourceTitle "CBM 139 Extra"]
[Source "ChessBase"]
[SourceDate "2011.01.05"]
[SourceVersion "1"]
[SourceVersionDate "2011.01.05"]
[SourceQuality "1"]
[WhiteTeam "Maldives"]
[BlackTeam "Qatar"]
[WhiteTeamCountry "MDV"]
[BlackTeamCountry "QAT"]

1. d4 Nf6 2. e3 g6 3. f4 Bg7 4. Bd3 d6 5. Nf3 0-0 6. 0-0 c5 7. c3 Nc6 8. Bb5 Qb6 9. Ba4 Bf5 10. Qe2 Rac8 11. Nbd2 d5 12. Kh1 c4 13. Ne1 Qa6 14. Bd1 b5 15. Bc2 b4 16. e4 dxe4 17. Bxe4 Nxe4 18. Nxe4 bxc3 19. bxc3 Nxd4 20. cxd4 Bxd4 21. Nc2 Bxa1 22. Nxa1 Qe6 23. Re1 Rfd8 24. Nc2 Qxe4 25. Qxe4 Bxe4 26. Rxe4 Rd1+ 27. Re1 Rxe1+ 28. Nxe1 Rd8 29. Ba3 a5 30. Kg1 Rd2 31. Bxe7 c3 32. Ba3 c2 33. Kf1 Rd1 34. Ke2 c1Q 35. Bxc1 Rxc1 36. a3 Rc3 37. Kd2 Rxa3 38. h3 Rb3 39. Kc2 a4 40. Nd3 Rb8 41. Nc1 a3 42. g3 f5 43. g4 fxg4 44. hxg4 h5 45. gxh5 gxh5 0-1

[Event "Asia rap (Men) 16th"]
[Site "Guangzhou"]
[Date "2010.11.14"]
[Round "3"]
[White "Malkawi, Fadi"]
[Black "Abdul Rahman, Ali"]
[Result "0-1"]
[WhiteElo "2089"]
[BlackElo "1936"]
[PlyCount "98"]
[EventDate "2010.11.13"]
[EventType "swiss (rapid)"]
[EventRounds "9"]
[EventCountry "CHN"]
[SourceTitle "EXT 2011"]
[Source "ChessBase"]
[SourceDate "2010.11.26"]
[SourceVersion "1"]
[SourceVersionDate "2010.11.26"]
[SourceQuality "1"]

1. e4 e6 2. d3 d5 3. Nd2 c6 4. Ngf3 Bc5 5. g3 Ne7 6. Bg2 Nd7 7. 0-0 0-0 8. c3 Ng6 9. Kh1 Bb6 10. Ne1 f5 11. f4 Nf6 12. exf5 exf5 13. h3 Re8 14. Ndf3 Nh5 15. Kh2 Qd6 16. d4 Nf6 17. Nd3 Ne4 18. Nfe5 Nf6 19. Nf3 Ne4 20. Nfe5 Bc7 21. Qh5 b6 22. Bxe4 dxe4 23. Nf2 Bd7 24. Be3 Rad8 25. Rae1 Bc8 26. Rg1 Qf6 27. Qe2 b5 28. a4 a6 29. axb5 cxb5 30. Qc2 Ne7 31. Qb3+ Be6 32. Qa3 Bd5 33. g4 Bxe5 34. dxe5 Qe6 35. gxf5 Nxf5 36. Ng4 Kh8 37. Qc5 Bc4 38. Nf2 Nh4 39. Nxe4 Nf3+ 40. Kg2 Nxe1+ 41. Rxe1 Bd5 42. Bd4 Qf5 43. Kf3 Qxh3+ 44. Kf2 Qh4+ 45. Kf1 Qxf4+ 46. Nf2 Qg3 47. Ke2 Bc4+ 48. Kd2 Qxf2+ 49. Re2 Qxe2+ 0-1

[Event "Asia rap (Men) 16th"]
[Site "Guangzhou"]
[Date "2010.11.13"]
[Round "1"]
[White "Gundavaa, Bayarsaihan"]
[Black "Abdul Rahman, Ali"]
[Result "1-0"]
[WhiteElo "2472"]
[BlackElo "1936"]
[PlyCount "76"]
[EventDate "2010.11.13"]
[EventType "swiss (rapid)"]
[EventRounds "9"]
[EventCountry "CHN"]
[SourceTitle "EXT 2011"]
[Source "ChessBase"]
[SourceDate "2010.11.26"]
[SourceVersion "1"]
[SourceVersionDate "2010.11.26"]
[SourceQuality "1"]

1. e4 e6 2. d4 d5 3. Nc3 Bb4 4. exd5 exd5 5. Bd3 Nf6 6. Nge2 Be6 7. 0-0 c6 8. Nf4 0-0 9. Nxe6 fxe6 10. Qe2 Qe7 11. Re1 Re8 12. Bf4 Nbd7 13. Qf3 Rf8 14. Qh3 Rae8 15. Qf3 Ra8 16. Qh3 Rae8 17. Re2 Bd6 18. Be5 Rf7 19. Rae1 Nf8 20. Nd1 N6d7 21. Bg3 Bxg3 22. Qxg3 Nf6 23. Qh3 Qd6 24. c3 a6 25. Ne3 c5 26. Nf5 Qc6 27. Nh4 b5 28. Nf3 N6d7 29. Ng5 Rf6 30. Bxh7+ Kh8 31. Bg6+ Kg8 32. Bxe8 Rh6 33. Qg3 Qc8 34. Bf7+ Kh8 35. Nxe6 Nxe6 36. Rxe6 Nf6 37. Re8+ Nxe8 38. Rxe8+ Qxe8 1-0